Ανάλυση της:"Bic Pen corporation" : εργασία
Saved in:
| Main Author: | |
|---|---|
| Corporate Author: | |
| Format: | Thesis Book |
| Language: | Greek |
| Published: |
1991
|
| Subjects: | |
| Tags: |
Add Tag
No Tags, Be the first to tag this record!
|
MARC
| LEADER | 00000cam a2200000 i 4500 | ||
|---|---|---|---|
| 001 | 1/22836 | ||
| 008 | 011026s1991 gre d | ||
| 035 | |l 10067550 | ||
| 040 | |a GR-MY-UA |b gre |e aacr | ||
| 041 | 0 | |a gre | |
| 082 | 0 | |a 658.4012 |2 (22) | |
| 100 | 1 | |a Δάβρη, Μαρία. | |
| 245 | 1 | 0 | |a Ανάλυση της:"Bic Pen corporation" : |b εργασία / |c Δάβρη Μαρίκα |
| 260 | |c 1991 | ||
| 300 | |a 50 σ.; |c 30 εκ. | ||
| 500 | |a Στα πλαίσια του μαθήματος: "Επιχειρησιακή στρατηγική και πολιτική" | ||
| 502 | |a Εργασία - Πανεπιστήμιο Αιγαίου, Τμήμα Διοίκησης Επιχειρήσεων, 1991 | ||
| 610 | 2 | 0 | |a Πανεπιστήμιο Αιγαίου. |
| 650 | 0 | 0 | |a Strategic planning |v Case studies. |
| 650 | 0 | 0 | |a Business planning |x Case studies. |
| 650 | 0 | 0 | |a Business enterprises |x Case studies. |
| 710 | 2 | |a Πανεπιστήμιο Αιγαίου. |b Σχολή Επιστημών της Διοίκησης. |b Τμήμα Διοίκησης Επιχειρήσεων. | |
| 852 | |a INST |b CHIOS |c PERG |e 20011026 |h 658.4012 ΔΑΒ |p 005200020881 |q 005200020881 |t PERG |y 23 | ||
| 852 | |a INST |b CHIOS |c PERG |e 20011026 |h 658.4012 ΔΑΒ |p 005200020882 |q 005200020882 |t PERG |y 23 | ||
| 852 | |a INST |b CHIOS |c PERG |e 20011026 |h 658.4012 ΔΑΒ |p 005200020883 |q 005200020883 |t PERG |y 23 | ||
| 852 | |a INST |b CHIOS |c PERG |e 20011026 |h 658.4012 ΔΑΒ |p 005200020895 |q 005200020895 |t PERG |y 23 | ||
| 901 | |a BIBL2-2001-3 | ||
| 909 | |a Χ |b 084035 | ||
| 909 | |a X |b 084032 | ||
| 909 | |a X |b 084033 | ||
| 909 | |a X |b 084034 | ||
| 924 | |a ΔΑΒΡΗ |b ΜΑΡΙΚΑ |y ΧΙΟΣ |z 2001-10 | ||
| 970 | |a ΝΤΟΥΜΗ |b ΜΑΡΙΑ |z 2001/10/26 | ||